Pokemon Letter "G" for each type - Statistics

General Stats
  • This quiz has been taken 11 times
  • The average score is 14 of 18
Answer Stats
Type Pokémon % Correct
Rock Garganacl|Geodude|Gigalith|Glimmet|Glimmora|Golem|Graveler
100%
Water Gastrodon|Goldeen|Golduck|Golisopod|Gorebyss|Greninja|Gyarados
100%
Ground Gabite|Garchomp|Gastrodon|Geodude|Gible|Gligar|Gliscor|Golem|Golett|Golurk| Graveler|Great Tusk|Groudon
89%
Dragon Gabite|Garchomp|Gible|Giratina|Goodra|Goomy|Gouging Fire|Guzzlord
89%
Bug Galvantula|Genesect|Golisopod|Grubbin
89%
Poison Garbodor|Gastly|Gengar|Glimmet|Glimmora|Gloom|Golbat|Grafaiai|Grimer|Gulpin
89%
Ghost Gastly|Gengar|Gholdengo|Gimmighoul|Giratina|Golett|Golurk|Gourgeist|Greavard
89%
Flying Gligar|Gliscor|Golbat|Gyarados
89%
Psychic Gallade|Gardevoir|Girafarig|Gothita|Gothitelle|Gothorita|Grumpig
78%
Steel Genesect|Gholdengo
78%
Normal Girafarig|Glameow|Grafaiai|Greedent|Gumshoos
78%
Dark Greninja|Grimmsnarl|Guzzlord
78%
Electric Galvantula
67%
Grass Gloom|Gogoat|Gossifleur|Gourgeist|Grookey|Grotle|Grovyle
67%
Fighting Gallade|Grapploct|Great Tusk|Gurdurr
56%
Fairy Gardevoir|Granbull|Grimmsnarl
56%
Ice Glaceon|Glalie|Glastrier
56%
Fire Gouging Fire|Growlithe
56%
No matching quizzes found
Score Distribution
Percent of People with Each Score
Percentile by Number Answered
Your Score History
You have not taken this quiz